Представление документа в формате MARC21

Поле Инд. ПП Название Значение
Тип записи a
Библиографический уровень b
001 Контрольный номер DU/602859407
005 Дата корректировки 20250318111711.7
008 Кодируемые данные 20190124
040 b Код языка каталог. rus
e Правила каталог. PSBO
041 0_ a Код языка текста rus
084 a Индекс другой классификации/Индекс ББК 88.623; 88.531
100 1_ a Автор Лебедева Р. В.
q Полное имя Лебедева Раиса Витальевна
245 10 a Заглавие Содержание идентичности студентов с субъектным и объектным типами жизненных ориентаций
504 a Библиография Библиогр.: с. 142
520 a Аннотация Статья посвящена изучению содержания идентичности студентов вуза Республики Саха (Якутия) с субъектным и объектным типами жизненных ориентаций. Идентичность, одновременно обеспечивающая чувство индивидуальности и сопричастности к социуму, занимает особое место в структуре личности. Сегодня актуально, чтобы потенциал субъектности молодых людей, их личностная и социальная активность реализовывались в социально-позитивном направлении. При помощи техники, основанной на использовании нестандартизированного самоописания с последующим контент-анализом, осуществлен сравнительный анализ содержания идентичности личности с субъектным и объектным типами жизненных ориентаций. Исследование содержания идентичности студентов Якутии дала возможность показать, что субъектно-ориентированные респонденты склонны иметь большую выраженность духовных, индивидуально-психологических и деятельных аспектов идентичности, что объясняет реализацию потенциала их субъектности, сосредоточенную на внутренней картине жизнедеятельности и обнаруживает более высокий уровень рефлексивности. А объектно-ориентированные респонденты в большей степени проявляют социальную идентичность, что можно объяснить их большей склонностью реализовывать потенциал субъектности во взаимодействии с семьей, друзьями и коллегами по работе
650 14 a Основная рубрика педагогическая психология
a Основная рубрика педагогическая психология взрослых
a Основная рубрика психология
a Основная рубрика психология личности
a Основная рубрика социальная психология
653 a Ключевые слова жизненные ориентации
a Ключевые слова национальные особенности
a Ключевые слова Россия
a Ключевые слова студенты
a Ключевые слова Якутия (Республика Саха)
a Ключевые слова якуты
773 08 t Заглавие источника Психология. Историко-критические обзоры и современные исследования
d Дата издания источника 2018
g Прочая информация Т. 7, № 1А. - С. 136 - 144 : диагр.
w Контрольный № источника DU/598461108
901 t Тип документа b